000 00526nam a2200193 a 4500
001 1772446533877
003 YourLibrary
005 20260302154700.0
008 260302s2002##################000#0#eng##
020 _a9780199246465
082 0 4 _a321.8
_bREY
100 1 _aReynolds, Andrew,
_eauthor.
245 1 0 _aThe Architecture of Democracy :
260 _bOxford University Press on Demand,
_c2002.
300 _a507 pages
650 0 _aPolitical Science.
942 _cENGLISH
040 _aYourLibrary
_beng
_cYourLibrary
999 _c616360
_d616360